| 000 | 00393nam a22001697a 4500 | ||
|---|---|---|---|
| 005 | 20260413151250.0 | ||
| 008 | 160628b xxu||||| |||| 00| 0 eng d | ||
| 020 | _a978-0-14-006694-4 | ||
| 041 | _aeng | ||
| 082 | _a823.914 | ||
| 100 |
_aDahl, Roald _91783 |
||
| 245 | _aThe best of Roald Dahl | ||
| 260 |
_bPenguin _c1994 |
||
| 300 | _a367 | ||
| 650 |
_aENGLISH FICTION _98925 |
||
| 942 | _cBK | ||
| 999 |
_c4570 _d4568 |
||